[Event "Belp op"]
[Site "Belp"]
[Date "2015.05.23"]
[Round "2"]
[White "Lo Presti, Vito"]
[Black "Gaemperli, Ramon"]
[Result "0-1"]
[WhiteElo "1398"]
[BlackElo "1764"]
[PlyCount "76"]
[EventDate "2015.05.23"]
[EventType "swiss"]
[EventRounds "5"]
[EventCountry "SUI"]
[SourceTitle "EXT 2016"]
[Source "ChessBase"]
[SourceDate "2015.10.08"]
[SourceVersion "1"]
[SourceVersionDate "2015.10.08"]
[SourceQuality "1"]

1. e4 e5 2. Bc4 Nc6 3. d3 Bc5 4. Nf3 h6 5. Nc3 d6 6. h3 Nf6 7. a3 0-0 8. Be3 Bxe3 9. fxe3 Ne7 10. 0-0 Ng6 11. Nh2 c6 12. b4 d5 13. exd5 Nxd5 14. Qd2 Nxc3 15. Qxc3 Qg5 16. Nf3 Qxe3+ 17. Rf2 Qf4 18. Nxe5 Qxe5 19. Qxe5 Nxe5 20. Ba2 Be6 21. Bxe6 fxe6 22. Re1 Rxf2 23. Kxf2 Rf8+ 24. Kg1 Rf5 25. d4 Nc4 26. a4 e5 27. dxe5 Rxe5 28. Kf2 Rxe1 29. Kxe1 Ne3 30. Kd2 Nxg2 31. Kd3 Kf7 32. Kd4 Ke6 33. Kc5 Ne3 34. c4 Nxc4 35. Kxc4 Kd6 36. b5 cxb5+ 37. Kxb5 g5 38. a5 h5 0-1